000 00681nam a2200289Ia 4500
005 20260324140215.0
008 008 260324s9999 xx 000 0 eng d
020 _a9781410603364
037 _aEBOOK
040 _aCRL
040 _beng
040 _cCRL
041 _2eng
041 _aeng
084 _qCRL
100 _aDonald G. Ellis
_91202479
245 0 _aCrafting Society
245 0 _bEthnicity, Class, and Communication Theory
260 _bTaylor and Francis
260 _c1999
365 _a
365 _b65.99
856 _uhttp://www.taylorfrancis.com/books/9781410603364
942 _cEBOOK
999 _c1805356
_d1805356